| 000 | 00806nam a2200229 a 4500 | ||
|---|---|---|---|
| 005 | 20150723164712.0 | ||
| 008 | 150114s2014 ck a gr 000 0dspa d | ||
| 020 | _a9789587751024 | ||
| 040 |
_aCO-BoBLA _cCO-BoBLA _dCO-BOIAvH |
||
| 041 | _aspa | ||
| 044 | _ack | ||
| 082 | 0 | 4 |
_a551.6 _bG64h |
| 100 | 1 | _aGonzález Lozano, Fernando Alfonso. | |
| 245 | 1 | 0 |
_aHidroclimatología del departamento de Caldas / _cFernando Alfonso González Lozano. |
| 260 |
_aManizales : _bUniversidad Nacional de Colombia, _c2014. |
||
| 300 |
_a305 páginas : _bilustraciones ; _c24 cm. |
||
| 504 | _aIncluye bibliografía. | ||
| 650 | 4 |
_aClimatología _z Caldas (Colombia) |
|
| 650 | 4 | _aCambios climáticos. | |
| 650 | 1 | 4 |
_aCaldas (Colombia) _x Condiciones climáticas. |
| 942 |
_2ddc _cLIBRO |
||
| 999 |
_c17616 _d17616 |
||